|
|
|
|
| LEADER |
00000nam2a2200000 4500 |
| 001 |
65032 |
| 005 |
20250718163532.0 |
| 010 |
|
|
|a 5170182686
|
| 035 |
|
|
|a (RuTPU)RU\TPU\book\69047
|
| 090 |
|
|
|a 65032
|
| 100 |
|
|
|a 20040615d2005 km y0rusy50 ca
|
| 101 |
0 |
|
|a rus
|
| 102 |
|
|
|a RU
|
| 105 |
|
|
|a y z 000zy
|
| 200 |
0 |
|
|a Т. 1
|
| 210 |
|
|
|d 2005
|
| 215 |
|
|
|a 568 с.
|
| 330 |
|
|
|a «История Российская» Татищева — один из самых значительных трудов за всю историю существования российской историографии. Монументально, блестяще и доступно написанная, эта книга охватывает историю нашей страны с древнейших времен — и вплоть до царствования Федора Михайловича Романова. Особая же ценность произведения Татищева в том, что история России здесь представлена ВО ВСЕЙ ЕЕ ПОЛНОТЕ — в аспектах не только военно-политических, но — религиозных, культурных и бытовых!
|
| 461 |
|
1 |
|0 (RuTPU)RU\TPU\book\104786
|y 5-17-013378-2
|y 5-9577-0319-2
|t История Российская
|o в 3 т.
|f В. Н. Татищев
|v Т. 1
|d 2005-
|s Классическая мысль
|
| 606 |
|
|
|a Россия
|x История
|9 81526
|
| 606 |
|
|
|a Россия
|x История
|z 1 век до н.э.-9 век
|9 81473
|
| 610 |
1 |
|
|a Русь
|
| 610 |
1 |
|
|a идолослужение
|
| 610 |
1 |
|
|a Крещение
|
| 610 |
1 |
|
|a письменность
|
| 610 |
1 |
|
|a летописи
|
| 610 |
1 |
|
|a язычество
|
| 610 |
1 |
|
|a происхождение народов
|
| 610 |
1 |
|
|a скифы
|
| 610 |
1 |
|
|a сарматы
|
| 610 |
1 |
|
|a турки
|
| 610 |
1 |
|
|a татары
|
| 610 |
1 |
|
|a славянские народы
|
| 610 |
1 |
|
|a варяги
|
| 610 |
1 |
|
|a славяне
|
| 610 |
1 |
|
|a славянский язык
|
| 610 |
1 |
|
|a обряды
|
| 610 |
1 |
|
|a суеверия
|
| 610 |
1 |
|
|a геты
|
| 610 |
1 |
|
|a готы
|
| 610 |
1 |
|
|a гепиды
|
| 610 |
1 |
|
|a кимбры
|
| 610 |
1 |
|
|a киммеры
|
| 610 |
1 |
|
|a болгары
|
| 610 |
1 |
|
|a печенеги
|
| 610 |
1 |
|
|a половцы
|
| 686 |
|
|
|a Т3(2)
|2 rubbk
|
| 686 |
|
|
|a Т3(2)2
|2 rubbk
|
| 801 |
|
1 |
|a RU
|b 63413507
|c 20040615
|g PSBO
|
| 801 |
|
2 |
|a RU
|b 63413507
|c 20060714
|g PSBO
|
| 850 |
|
|
|a 63413507
|
| 942 |
|
|
|c BK
|